000 00865nam a2200265 i 4500
001 000038720
003 DO-SdBNP
005 20240710123701.0
007 ta
008 110408s1984 dr ac r 000 0 spa d
040 _aDO-SdBNP
_bspa
_cBNPHU
_erda
082 4 _bC357
_222
100 1 _aMartínez Almanzar, Juan Francisco
_d1950 -
_910459
110 _aPuerto Rico.
_bCentro de Investigaciones arqueologicas. Universidad de Puerto Rico
_984636
245 1 0 _aCatalogogo arqueologia de Vieques
250 _a2a. edición
260 _aRio Piedra, Puerto Rico :
_bCentro de Investigaciones Arqueologicas,
_c1984.
300 _a88 páginas :
_bilustraciones ;
_c21 cm.
336 _2rdacontent
_atexto
_btxt
337 _2rdamedia
_asin mediación
_bn
338 _2rdacarrier
_avolumen
_bnc
590 _aInventariado, 2023/DG
910 _aDG
942 _2ddc
_cLBS1
999 _c55484
_d55484